000 00646nam a2200265Ia 4500
005 20260121170515.0
008 008 260114s9999 xx 000 0 eng d
020 _a9783319759456
037 _aEBOOK
040 _aCRL
040 _beng
040 _cCRL
041 _2eng
041 _aeng
084 _qCRL
100 _aSusan Jones
_91064742
245 0 _aPortraits of Everyday Literacy for Social Justice
260 _bSpringer
260 _bSpringer
260 _c2018
856 _uhttps://link.springer.com/openurl?genre=book&isbn=978-3-319-75945-6
942 _cEBOOK
999 _c1630472
_d1630472